000 00627nam a22001931c 4500
001 a987660242
008 100507s2006 gw |||| 000u ger d
041 _ager
245 0 0 _aDamals in der DDR - Zeitzeugen erzählen ihre Geschichte :
_bElektronische Ressource
264 _aBonn :
_bBundeszentrale für politische Bildung,
_c2006
300 _a1 DVD-ROM
336 _aText
_btxt
_2rdacontent
337 _aComputermedien
_bc
_2rdamedia
338 _aComputerdisk
_bcd
_2rdacarrier
942 _cVM
040 _cRU-10907106
003 RU-10907106
999 _c34353
_d34353
506 _aSonderstandort, wenden Sie sich bitte an das Bibliothekspersonal.